Confección de planta eléctrica de 120 VCA trifásica a partir de un alternador de 12VCD automotriz y un motor de combustión interna
Bewaard in:
| Hoofdauteur: | |
|---|---|
| Formaat: | Boek |
| Gepubliceerd in: |
[San José, Costa Rica]
1998
|
| Onderwerpen: | |
| Tags: |
Voeg label toe
Geen labels, Wees de eerste die dit record labelt!
|
MARC
| LEADER | 00000nam a2200000Ia 4500 | ||
|---|---|---|---|
| 003 | 009211 | ||
| 005 | 20240117133249.0 | ||
| 008 | 140114s2003 cr a m 000 ||s d | ||
| 040 | |c cru CEDI | ||
| 090 | |a TFG 4750 | ||
| 100 | |a Porras Villalta, Rolando, 1968- |9 2206 | ||
| 245 | |a Confección de planta eléctrica de 120 VCA trifásica a partir de un alternador de 12VCD automotriz y un motor de combustión interna | ||
| 260 | |a [San José, Costa Rica] |c 1998 | ||
| 300 | |a viii, 40 hojas : ilustraciones | ||
| 500 | |a Proyecto de graduación (bachillerato en ingeniería eléctrica)--Universidad de Costa Rica. Facultad de Ingeniería. Escuela de Ingeniería Eléctrica | ||
| 501 | |a Profesor Guía de Proyecto Eléctrico: Ing. Guillermo Segura | ||
| 650 | |x ELECTRICIDAD |x PLANTAS |x DISEÑO |x DINAMOS |9 6884 | ||
| 942 | |c TFG |h TFG 4750 |i 009211 |6 TFG_4750_009211000000000 | ||
| 999 | |c 17732 |d 17732 | ||
